Statystyki dla Quiz o Białorusi

Kliknij tutaj aby rozwiązać quiz!

Ogólne statystyki

  • Ten quiz został rozwiązany 52 razy
  • Średni wynik to 8 z 17

Statystyki odpowiedzi

HintOdpowiedź% Poprawnych
StolicaMińsk
100%
JęzykBiałoruski
98%
Official languagesRosyjski
98%
WalutaRubel
84%
Kraj leżący na południowej granicy BiałorusiUkraina
73%
Nieaktualna nazwa Białorusi{Biała} Rosja
67%
Alfabet używany na BiałorusiCyrylica
63%
Około 20% ziem uprawnych Białorusi zostało skażonych przez tę katastrofę z 1986 rokuCzarnobyl
61%
Z powodu względnego braku wolności Białoruś jest czasami nazywana ...Ostatnia
{dyktatura}
w Europie
55%
Wymień jedną z trzech głównych rzek przepływających przez BiałoruśNiemen | Prypeć |
Dniepr
53%
Kraj, od którego Białoruś uzyskała niepodległość w 1990 rokuZwiązek Radziecki
49%
Drugi najpopularniejszy sport po piłce nożnejHokej na lodzie
16%
The national animal of Belarus is the wisent, also known as the ...Europejski {Bison}
6%
Podczas tego konfliktu zginęło 25,3% ludności Białorusi, najgorsza ze wszystkich krajówWWII
4%
Gałąź chrześcijaństwa praktykowana przez 48,3% populacjiPrawosławie
2%
Pierwszy i obecny przezydent BiałorusiAlekander
Łukaszenko
0%
Białoruś jest jedynym krajem w Europie, który nie zniósł (ani nie nałożył moratorium)
na tę kontrowersyjną praktykę
Kara śmierci
0%

Rozkład punktacji

Percentyl według liczby udzielonych odpowiedzi

Procent ludzi z każdym wynikiem

Twoja historia wyników

Nie rozwiązałeś tego quizu